Normal view
MARC view
- Bomberos
Entry Materia
001 - NÚMERO DE CONTROL DEL REGISTRO
- campo de control: 21740
003 - IDENTIFICADOR DE NUMERO DE CONTROL
- campo de control: MX-MxUPN
005 - FECHA Y HORA DE LA ÚLTIMA TRANSACCIÓN
- campo de control: 20260415113033.0
008 - DATOS DE LONGITUD FIJA
- campo de control de longitud fija: 260415nn fnnnnaabb b ana |d
035 ## - NÚMERO DE CONTROL DEL SISTEMA
- Número de control del sistema: UPN10000021749
040 ## - FUENTE DE LA CATALOGACIÓN
- Centro catalogador de origen: MX-MxUPN
- Lengua de catalogación: spa
150 ## - ENCABEZAMIENTO - TEMÁTICO
- Término de materia o nombre geográfico como elemento inicial: Bomberos
- Subdivisión de forma: Literatura infantil
670 ## - FUENTE EN LA QUE SE LOCALIZARON DATOS
- Cita de la fuente: Autoridades BGTQ, 15 abril 2026 :
- Enlace: (Bomberos -- Literatura infantil)
902 ## - CATALOGADOR
- Catalogador: CAA/070313
- Catalogador: VíctorGodínez/150426
